000 00237nam a2200097Ia 4500
005 20251222114355.0
008 251222s1900||||xx |||||||||||||| ||spa||
082 _aDVD0099/C78/2012/T.5
245 0 _aII Guerra mundial 1939-1945:
942 _cDVD
999 _c1418
_d1418